[Event "Open Primavera"]
[Site "Provaglio d'Iseo ITA"]
[Date "2013.04.12"]
[Round "6"]
[White "Caceffo, Daniele"]
[Black "Panada, Valter"]
[WhiteElo "1449"]
[BlackElo "1850"]
[Result "1-0"]
[PlyCount "63"]
[EventDate "2013.03.08"]

1. e4 e5 2. Nf3 Nc6 3. Bb5 a6 4. Bxc6 dxc6 5. O-O Bg4 6. h3 Bxf3 7. Qxf3 Nf6 8.
d3 Bc5 9. Qg3 Qd6 10. Be3 O-O 11. Nd2 Nh5 12. Qg5 Bxe3 13. fxe3 Qh6 14. Qxh6
gxh6 15. Rf5 Ng7 16. Rxe5 f6 17. Re7 Rf7 18. Rxf7 Kxf7 19. Rf1 Re8 20. Nf3 c5
21. e5 f5 22. d4 cxd4 23. exd4 Ke6 24. Kf2 c6 25. Ke3 Rf8 26. Nh4 Nh5 27. g4
f4+ 28. Kf3 Ng7 29. Re1 h5 30. Ng2 hxg4+ 31. hxg4 h5 32. Nxf4+ 1-0

[Event "Open Primavera"]
[Site "Provaglio d'Iseo ITA"]
[Date "2013.04.12"]
[Round "6"]
[White "Dieli, Alberto"]
[Black "Massetti, Euro"]
[WhiteElo "1949"]
[BlackElo "1919"]
[Result "1-0"]
[PlyCount "89"]
[EventDate "2013.03.08"]

1. d4 Nf6 2. c4 e6 3. Nc3 Bb4 4. Qc2 d5 5. Bg5 h6 6. Bh4 g5 7. Bg3 Ne4 8. f3
Nxg3 9. hxg3 Qd6 10. Kf2 Bxc3 11. Qxc3 Nc6 12. c5 Qe7 13. e3 Qf6 14. Bb5 Bd7
15. Ne2 O-O-O 16. g4 Rde8 17. Rh2 e5 18. Bxc6 bxc6 19. dxe5 Qxe5 20. Qxe5 Rxe5
21. Nd4 f5 22. gxf5 Bxf5 23. Nxc6 Re6 24. Nxa7+ Kd7 25. c6+ Ke7 26. g4 Bd3 27.
Rd1 Bc4 28. b3 Ra8 29. Nc8+ Rxc8 30. bxc4 dxc4 31. Rc1 Rxc6 32. Kg3 Ra8 33.
Rhc2 Ra4 34. e4 Kf6 35. Rc3 Ke5 36. R1c2 Kd4 37. a3 Ke5 38. Rd2 Rd6 39. Rdc2
Rc6 40. Kf2 Kf4 41. Re2 Re6 42. Ree3 Re5 43. Rc1 Re6 44. Rd1 Rd6 45. e5 1-0

[Event "Open Primavera"]
[Site "Provaglio d'Iseo ITA"]
[Date "2013.04.12"]
[Round "6"]
[White "Frugoni, Giulio"]
[Black "Lanfranchi, Francesco"]
[WhiteElo "1615"]
[BlackElo "1515"]
[Result "1-0"]
[PlyCount "49"]
[EventDate "2013.03.08"]

1. Nf3 d5 2. d4 Nf6 3. c4 c6 4. Nc3 e6 5. Bg5 Be7 6. e3 b6 7. Bd3 h6 8. Bh4
Nbd7 9. O-O Qc7 10. e4 dxe4 11. Nxe4 O-O 12. Bg3 Qd8 13. Qa4 Bb7 14. Rad1 Nh5
15. Bd6 f5 16. Bxe7 Qxe7 17. Ng3 Nf4 18. Bb1 c5 19. d5 exd5 20. Rfe1 Qf7 21.
Nxf5 Rae8 22. Nd6 Rxe1+ 23. Rxe1 Qh5 24. Qxd7 Nxg2 25. Nf5 1-0

[Event "Open Primavera"]
[Site "Provaglio d'Iseo ITA"]
[Date "2013.04.19"]
[Round "7"]
[White "Bosio, Devis"]
[Black "Caceffo, Daniele"]
[WhiteElo "1922"]
[BlackElo "1449"]
[Result "1-0"]
[PlyCount "53"]
[EventDate "2013.03.08"]

1. e4 c5 2. c3 d6 3. d4 cxd4 4. cxd4 Nc6 5. Be3 Nf6 6. f3 Bd7 7. a3 e6 8. Bd3
Be7 9. Ne2 O-O 10. O-O Rc8 11. Nd2 h6 12. Kh1 a6 13. Rc1 Nh7 14. g4 Bg5 15. f4
Bf6 16. Nc4 Be7 17. e5 d5 18. Nd2 Re8 19. Ng3 Qb6 20. b4 f6 21. Nf3 fxe5 22.
fxe5 Ng5 23. Bxg5 Bxg5 24. Nxg5 hxg5 25. Bb1 Nxd4 26. Rxc8 Rxc8 27. Qd3 1-0

[Event "Open Primavera"]
[Site "Provaglio d'Iseo ITA"]
[Date "2013.04.19"]
[Round "7"]
[White "Cattaneo, Ugo"]
[Black "Barucco, Mattia"]
[WhiteElo "1830"]
[BlackElo "2016"]
[Result "1-0"]
[PlyCount "32"]
[EventDate "2013.03.08"]

1. e4 e5 2. Nf3 Nc6 3. Bc4 Bc5 4. c3 Nf6 5. b4 Bb6 6. d3 d6 7. O-O h6 8. a4 a5
9. b5 Ne7 10. Be3 Ng6 11. Nbd2 Bg4 12. Ba2 Rc8 13. Rb1 O-O 14. Rb2 d5 15. Qc2
d4 16. cxd4 exd4 1-0

[Event "Open Primavera"]
[Site "Provaglio d'Iseo ITA"]
[Date "2013.04.19"]
[Round "7"]
[White "Cristiani, Cesare"]
[Black "Burimi, Ilir"]
[WhiteElo "2128"]
[BlackElo "1800"]
[Result "0-1"]
[PlyCount "48"]
[EventDate "2013.03.08"]

1. d4 d5 2. c4 c6 3. Nf3 Nf6 4. Nc3 a6 5. e3 e6 6. Bd3 Bd6 7. O-O b5 8. b3 Nbd7
9. Bb2 O-O 10. Qc2 h6 11. a3 Re8 12. e4 e5 13. cxd5 exd4 14. Ne2 cxd5 15. exd5
Bb7 16. Nexd4 Bxd5 17. Rad1 Bf4 18. Qb1 Ne5 19. Nxe5 Bxh2+ 20. Kxh2 Rxe5 21.
Nf3 Rh5+ 22. Kg1 Qc8 23. Ne5 Bxg2 24. Nd7 Bf3 0-1

[Event "Open Primavera"]
[Site "Provaglio d'Iseo ITA"]
[Date "2013.04.19"]
[Round "7"]
[White "Domenighini, Alessandro"]
[Black "Vagliati, Massimo"]
[WhiteElo "1743"]
[BlackElo "1702"]
[Result "1-0"]
[PlyCount "83"]
[EventDate "2013.03.08"]

1. d4 Nf6 2. c4 g6 3. Nf3 Bg7 4. Nc3 d6 5. e4 O-O 6. Be2 c5 7. d5 Na6 8. O-O
Nc7 9. h3 a6 10. Be3 Bd7 11. a4 Rb8 12. a5 b5 13. axb6 Rxb6 14. Qd2 Qb8 15. Ra2
Nfe8 16. Ne1 f5 17. exf5 Bxf5 18. g4 Bd7 19. Nd3 Nf6 20. b4 Rxb4 21. Nxb4 cxb4
22. Nb1 Ne4 23. Qd3 Nc5 24. Bxc5 dxc5 25. Nd2 Qb6 26. Nb3 Be5 27. Qe3 Bd6 28.
f4 Ne8 29. f5 gxf5 30. Qg5+ Kh8 31. Bd3 Rg8 32. Qh4 Rg7 33. Bxf5 Bxf5 34. Rxf5
Nf6 35. Raf2 Qa7 36. g5 Qc7 37. Rg2 Qd7 38. Rf3 Ng8 39. Qf2 Qe8 40. Nxc5 Qc8
41. Ne6 Qxc4 42. Qb2 1-0

[Event "Open Primavera"]
[Site "Provaglio d'Iseo ITA"]
[Date "2013.04.19"]
[Round "7"]
[White "Massetti, Euro"]
[Black "Brugaletta, Giorgio"]
[WhiteElo "1919"]
[BlackElo "1727"]
[Result "1-0"]
[PlyCount "75"]
[EventDate "2013.03.08"]

1. c4 c5 2. Nc3 Nc6 3. e3 e5 4. g3 g6 5. Bg2 Bg7 6. Nge2 Nf6 7. O-O O-O 8. d4
cxd4 9. exd4 exd4 10. Nxd4 Nxd4 11. Qxd4 Qa5 12. Bd2 Qh5 13. h3 d6 14. Qh4 Qxh4
15. gxh4 Be6 16. b3 Rad8 17. Rad1 b6 18. Bc1 Nh5 19. Nb5 f5 20. Nxa7 f4 21.
Rfe1 Bf5 22. Nb5 Be5 23. Ba3 f3 24. Bxf3 Nf4 25. Nxd6 Bxd6 26. Bxd6 Nxh3+ 27.
Kg2 Rfe8 28. Bc7 Rc8 29. Bxb6 Nf4+ 30. Kg3 Nd3 31. Rxe8+ Rxe8 32. c5 h5 33. c6
Ne5 34. Rd8 Kf7 35. Rxe8 Kxe8 36. a4 Bc8 37. Kf4 Nf7 38. Be4 1-0

[Event "Open Primavera"]
[Site "Provaglio d'Iseo ITA"]
[Date "2013.04.19"]
[Round "7"]
[White "Panada, Valter"]
[Black "Frugoni, Giulio"]
[WhiteElo "1850"]
[BlackElo "1615"]
[Result "1-0"]
[PlyCount "41"]
[EventDate "2013.03.08"]

1. e4 e5 2. Nf3 Nc6 3. Bc4 Be7 4. O-O Nf6 5. Nc3 O-O 6. a3 Bc5 7. d3 d6 8. Bg5
Bg4 9. Nd5 Nd4 10. Bxf6 Nxf3+ 11. gxf3 gxf6 12. fxg4 f5 13. gxf5 Qh4 14. Qf3
Kh8 15. Ne3 Rg8+ 16. Kh1 Rg5 17. Rg1 Rh5 18. Rg2 Bxe3 19. Qxe3 Qf6 20. Rag1 c6
21. Qg3 1-0

[Event "C.to Provinciale BI-VC"]
[Site "Santhia' ITA"]
[Date "2013.03.08"]
[Round "1"]
[White "Carando, Claudio"]
[Black "Avetta, Gianmario"]
[WhiteElo "1404"]
[BlackElo "1752"]
[Result "1/2-1/2"]
[PlyCount "43"]
[EventDate "2013.03.08"]

1. e4 Nf6 2. Nc3 d5 3. exd5 Nxd5 4. Bc4 c6 5. Qf3 e6 6. Nge2 Bd6 7. d3 Nd7 8.
Bf4 N7f6 9. Bg5 Qc7 10. Nxd5 Nxd5 11. Bxd5 exd5 12. Qe3+ Be6 13. Bf4 O-O-O 14.
O-O Bg4 15. Bxd6 Qxd6 16. f3 d4 17. Qxd4 Be6 18. Qxg7 Qc5+ 19. Kh1 Qxc2 20. Nf4
Rdg8 21. Qc3 Qxc3 22. bxc3 1/2-1/2

[Event "C.to Provinciale BI-VC"]
[Site "Santhia' ITA"]
[Date "2013.03.08"]
[Round "1"]
[White "Costantino, Gian Franco"]
[Black "Loggia, Davide"]
[WhiteElo "1758"]
[BlackElo "1416"]
[Result "1-0"]
[PlyCount "47"]
[EventDate "2013.03.08"]

1. Nf3 c5 2. e4 g6 3. d4 b6 4. Bc4 Ba6 5. Qe2 Bxc4 6. Qxc4 e6 7. Nc3 cxd4 8.
Nxd4 Bc5 9. O-O e5 10. Nb3 Bd4 11. Nxd4 exd4 12. Qxd4 Nf6 13. Bg5 Rg8 14. Qxf6
Qxf6 15. Bxf6 Nc6 16. Rad1 g5 17. Rd2 Rg6 18. e5 Nb4 19. Rfd1 d5 20. Nxd5 Nxd5
21. Rxd5 Rxf6 22. exf6 a5 23. Rxg5 Rd8 24. Rg8# 1-0

[Event "C.to Provinciale BI-VC"]
[Site "Santhia' ITA"]
[Date "2013.03.08"]
[Round "1"]
[White "Migliorini, Matteo"]
[Black "Lavino, Stefano"]
[WhiteElo "1987"]
[BlackElo "1640"]
[Result "1-0"]
[PlyCount "65"]
[EventDate "2013.03.08"]

1. e4 d5 2. exd5 Qxd5 3. Nf3 Nf6 4. d4 c6 5. Be2 Bf5 6. O-O e6 7. c4 Qd8 8. Nc3
Be7 9. Ne5 Nbd7 10. Nxd7 Qxd7 11. Bf3 O-O 12. Be3 Rfd8 13. Qe2 Qc7 14. Rac1 Qa5
15. a3 Rd7 16. Rfd1 Qd8 17. Rd2 h6 18. Rcd1 a6 19. g4 Bg6 20. d5 cxd5 21. cxd5
exd5 22. Nxd5 Nxd5 23. Bxd5 Kh7 24. Bxb7 Rxd2 25. Rxd2 Qb8 26. Bxa8 Qxa8 27.
Bxh6 Bf6 28. Bf4 Qc6 29. g5 Qc1+ 30. Kg2 Bxb2 31. Qf3 Qc8 32. Rxb2 Qe8 33. Qh3+
1-0

[Event "C.to Provinciale BI-VC"]
[Site "Santhia' ITA"]
[Date "2013.03.08"]
[Round "1"]
[White "Negro, Andrea"]
[Black "Borghi, Dario"]
[WhiteElo "1332"]
[BlackElo "1747"]
[Result "0-1"]
[PlyCount "101"]
[EventDate "2013.03.08"]

1. e4 e5 2. Nf3 Nc6 3. Nc3 Nf6 4. d4 exd4 5. Nxd4 Bb4 6. Bd2 Nxd4 7. Bd3 d6 8.
O-O O-O 9. a3 Bxc3 10. Bxc3 Nc6 11. Re1 Ne5 12. Be2 Nxe4 13. Bd2 Nxd2 14. Qxd2
Be6 15. Rad1 Rb8 16. b3 Qf6 17. Qa5 Rfc8 18. Qxa7 b6 19. Qa4 Ra8 20. Qb4 Nc6
21. Qb5 Nd4 22. Qd3 Nxe2+ 23. Rxe2 Rxa3 24. Red2 Rca8 25. h3 Ra1 26. Kh2 Rxd1
27. Rxd1 Qxf2 28. Qb5 Qf4+ 29. Kh1 Qe4 30. Kh2 Qe5+ 31. Qxe5 dxe5 32. Kh1 g6
33. Re1 f6 34. c4 Rd8 35. Kh2 Rd3 36. Rb1 Bf5 37. Rb2 Rc3 38. Kh1 Bc2 39. b4
Rxc4 40. Kh2 e4 41. Kg3 Bd3 42. Kf2 Rc2+ 43. Rxc2 Bxc2 44. Ke3 Bd3 45. g3 f5
46. g4 Kg7 47. Kf4 Kf6 48. gxf5 gxf5 49. h4 h5 50. Ke3 Ke5 51. Kf2 0-1

[Event "C.to Provinciale BI-VC"]
[Site "Santhia' ITA"]
[Date "2013.03.08"]
[Round "1"]
[White "Palma, Maria"]
[Black "Caldi, Mario"]
[WhiteElo "1585"]
[BlackElo "1868"]
[Result "1/2-1/2"]
[PlyCount "73"]
[EventDate "2013.03.08"]

1. e4 e6 2. d4 d5 3. Nc3 Nf6 4. Bg5 Bb4 5. e5 h6 6. Bd2 Nfd7 7. Nf3 c5 8. Nb5
Bxd2+ 9. Qxd2 O-O 10. Nd6 cxd4 11. Qxd4 Nc6 12. Qc3 Ndxe5 13. Nxe5 Qxd6 14. f4
d4 15. Qa3 Qxa3 16. bxa3 Nxe5 17. fxe5 f6 18. O-O-O fxe5 19. Re1 Bd7 20. Rxe5
Rac8 21. Bd3 Rf2 22. Re2 Rcf8 23. Rhe1 Rxe2 24. Rxe2 Re8 25. Re5 Kf7 26. Bb5
Bxb5 27. Rxb5 Re7 28. Kd2 Kf6 29. Kd3 e5 30. Ke4 b6 31. h4 h5 32. g3 g5 33. Rd5
gxh4 34. gxh4 a6 35. Rd6+ Re6 36. Rd5 b5 37. Rc5 1/2-1/2

[Event "C.to Provinciale BI-VC"]
[Site "Santhia' ITA"]
[Date "2013.03.08"]
[Round "1"]
[White "Pedoni, Lorenzo"]
[Black "Bardone, Lorenzo"]
[WhiteElo "1614"]
[BlackElo "1959"]
[Result "1/2-1/2"]
[PlyCount "66"]
[EventDate "2013.03.08"]

1. e4 c5 2. Nf3 e6 3. c3 Nf6 4. e5 Nd5 5. Bc4 Nb6 6. Bb5 a6 7. Ba4 Nxa4 8. Qxa4
Qc7 9. O-O b5 10. Qd1 Bb7 11. d4 cxd4 12. cxd4 d6 13. Re1 dxe5 14. Nxe5 Nd7 15.
Nxd7 Qxd7 16. Nc3 Be7 17. Be3 O-O 18. Qg4 f5 19. Qe2 b4 20. Nd1 Qd5 21. f3 Bf6
22. Bf2 Rfe8 23. Ne3 Qd7 24. Nc4 Bxd4 25. Rad1 Bxf2+ 26. Kxf2 Qc7 27. Nd6 Qc5+
28. Kf1 Bd5 29. Nxe8 Bc4 30. Rd3 Rxe8 31. b3 Bxd3 32. Qxd3 a5 33. Qd7 Qc8
1/2-1/2

[Event "C.to Provinciale BI-VC"]
[Site "Santhia' ITA"]
[Date "2013.03.08"]
[Round "1"]
[White "Saviano, Sabato"]
[Black "Roma, Riccardo"]
[WhiteElo "1752"]
[BlackElo "1386"]
[Result "1-0"]
[PlyCount "119"]
[EventDate "2013.03.08"]

1. c4 e5 2. Nc3 Nf6 3. e4 Nc6 4. d3 Bb4 5. a3 Bxc3+ 6. bxc3 O-O 7. Bg5 b6 8.
Nf3 h6 9. Bd2 Bb7 10. Be2 d6 11. O-O Ne7 12. h3 c5 13. Nh2 Qd7 14. f4 exf4 15.
Bxf4 Ng6 16. Bxh6 Qe6 17. Bg5 Qe5 18. Bxf6 gxf6 19. Qd2 Qg5 20. Qxg5 fxg5 21.
Ng4 Kg7 22. Ne3 f6 23. Nf5+ Kg8 24. Nxd6 Bc6 25. Nf5 Bd7 26. Ne3 Nf4 27. Rfe1
Rad8 28. Nd5 Be6 29. Nxf4 gxf4 30. Rf1 f5 31. Rxf4 fxe4 32. Rxf8+ Kxf8 33. Rf1+
Ke7 34. dxe4 Rd2 35. Re1 Rc2 36. h4 Bg8 37. g4 Rxc3 38. Rf1 Re3 39. Rf2 Rxe4
40. h5 Bxc4 41. Bf3 Re1+ 42. Kh2 Rf1 43. Rxf1 Bxf1 44. Be4 Kf6 45. h6 c4 46.
g5+ Kxg5 47. h7 Bd3 48. Bxd3 cxd3 49. h8=Q d2 50. Qd8+ Kf5 51. Qxd2 a5 52. Kg3
a4 53. Qd5+ Kf6 54. Kf4 Kg6 55. Kg4 Kf6 56. Qd6+ Kg7 57. Kg5 Kf7 58. Qd7+ Kf8
59. Kg6 b5 60. Qf7# 1-0

[Event "C.to Provinciale BI-VC"]
[Site "Santhia' ITA"]
[Date "2013.03.08"]
[Round "1"]
[White "Sgaggero, Marco"]
[Black "Isoardi, Luigi"]
[WhiteElo "1419"]
[BlackElo "1788"]
[Result "0-1"]
[PlyCount "104"]
[EventDate "2013.03.08"]

1. e4 c6 2. Nf3 d5 3. exd5 cxd5 4. d4 Nf6 5. h3 e6 6. Bd3 Nc6 7. O-O Bd6 8. Nc3
h6 9. a3 a6 10. Re1 O-O 11. Nh4 e5 12. dxe5 Nxe5 13. Bf4 Nxd3 14. Bxd6 Nxf2 15.
Kxf2 Qxd6 16. Kg1 b5 17. Qf3 Bd7 18. Rad1 Rfe8 19. Rxe8+ Rxe8 20. Nxd5 Qc5+ 21.
Kh1 Ne4 22. Nc3 Nf2+ 23. Kh2 Nxd1 24. Qxd1 Qe5+ 25. g3 Qe6 26. Nf3 Qxh3+ 27.
Kg1 Bg4 28. Qd2 Qxg3+ 29. Kf1 Qxf3+ 30. Qf2 Qh1+ 31. Qg1 Re1+ 32. Kxe1 Qxg1+
33. Kd2 Qd4+ 34. Kc1 Qxc3 35. bxc3 h5 36. Kd2 h4 37. Ke1 Bf5 38. c4 Bxc2 39. c5
Kf8 40. Kf2 Ke7 41. Kf3 Ke6 42. Kf4 Kd5 43. Kg4 g5 44. Kxg5 h3 45. Kf6 Kxc5 46.
Kxf7 b4 47. axb4+ Kxb4 48. Ke6 h2 49. Ke5 h1=Q 50. Kf6 Qh5 51. Kg7 Qg6+ 52. Kh8
Qh7# 0-1

[Event "C.to Provinciale BI-VC"]
[Site "Santhia' ITA"]
[Date "2013.03.08"]
[Round "1"]
[White "Tala, Massimiliano"]
[Black "Cappa, Enrico"]
[WhiteElo "1891"]
[BlackElo "1610"]
[Result "1/2-1/2"]
[PlyCount "52"]
[EventDate "2013.03.08"]

1. d4 f5 2. Bf4 Nf6 3. e3 e6 4. Bd3 d5 5. c3 b6 6. Nd2 Bb7 7. Ngf3 Bd6 8. Ne5
O-O 9. Ndf3 Nbd7 10. O-O Ne4 11. Nxd7 Qxd7 12. Be5 Rac8 13. Qe2 Rf7 14. Rac1
Qd8 15. h3 Ng5 16. Nxg5 Qxg5 17. f4 Qe7 18. Kh2 Bxe5 19. fxe5 Rcf8 20. Qh5 g5
21. Rf3 Bc6 22. Rg3 Rg7 23. Qe2 Be8 24. Rf1 h5 25. Qe1 h4 26. Rgf3 Bh5 1/2-1/2

[Event "C.to Provinciale BI-VC"]
[Site "Santhia' ITA"]
[Date "2013.03.08"]
[Round "1"]
[White "Tibaldeschi, Attilio"]
[Black "Ubezio, Marco"]
[WhiteElo "1743"]
[BlackElo "2144"]
[Result "0-1"]
[PlyCount "94"]
[EventDate "2013.03.08"]

1. Nf3 Nc6 2. b3 e5 3. d3 Nf6 4. Bb2 Bc5 5. Nbd2 d5 6. e3 Qe7 7. Be2 O-O 8. a3
a5 9. O-O Re8 10. c3 e4 11. Nd4 Ne5 12. dxe4 dxe4 13. b4 Ba7 14. b5 Bc5 15. a4
Bd6 16. Qc2 Neg4 17. h3 Qe5 18. N4f3 exf3 19. Nxf3 Nxe3 20. fxe3 Qxe3+ 21. Rf2
Ne4 22. Raf1 Bg3 23. Bd3 Bxf2+ 24. Rxf2 Qxf2+ 25. Qxf2 Nxf2 26. Kxf2 Be6 27. c4
Rad8 28. Be2 Bf5 29. Nd4 Re4 30. Nxf5 Rf4+ 31. Kg3 Rxf5 32. Bc1 Rd4 33. Bg4 Rf1
34. Bb2 Rd3+ 35. Bf3 g5 36. Be5 Rc1 37. Bxc7 Rxc4 38. Bxa5 Rxa4 39. Bc7 Rb4 40.
b6 h5 41. Kh2 Rxf3 42. gxf3 Kh7 43. Kg3 Kg6 44. h4 Rxh4 45. f4 Rxf4 46. Bxf4
gxf4+ 47. Kxf4 f5 0-1

[Event "C.to Provinciale BI-VC"]
[Site "Santhia' ITA"]
[Date "2013.03.08"]
[Round "1"]
[White "Zannoni, Gianni"]
[Black "Carando, Enrica"]
[WhiteElo "1797"]
[BlackElo "1425"]
[Result "1-0"]
[PlyCount "77"]
[EventDate "2013.03.08"]

1. d4 d5 2. c4 dxc4 3. Nc3 Nf6 4. Bf4 Nc6 5. e3 Be6 6. Nf3 Nd5 7. Nxd5 Qxd5 8.
Be2 Qa5+ 9. Qd2 Qb4 10. O-O Qxd2 11. Nxd2 O-O-O 12. Nxc4 f6 13. h3 g5 14. Bh2
Kb8 15. Rfc1 Bd5 16. Na5 e5 17. Nxc6+ Bxc6 18. dxe5 fxe5 19. Bxe5 Rg8 20. Rc2
Rd5 21. Bc4 Rc5 22. Bd4 Rxc4 23. Rxc4 g4 24. hxg4 Rxg4 25. Bxa7+ Kxa7 26. Rxg4
h5 27. Rg5 Be8 28. Rg8 Bd6 29. Rxe8 Kb6 30. Re6 Kc6 31. Rxd6+ cxd6 32. Rd1 b5
33. f4 Kd7 34. f5 Ke7 35. e4 h4 36. Kf2 b4 37. Ke3 Kf6 38. Rxd6+ Ke5 39. Re6#
1-0

[Event "C.to Provinciale BI-VC"]
[Site "Santhia' ITA"]
[Date "2013.03.15"]
[Round "2"]
[White "Avetta, Gianmario"]
[Black "Tala, Massimiliano"]
[WhiteElo "1752"]
[BlackElo "1891"]
[Result "0-1"]
[PlyCount "89"]
[EventDate "2013.03.08"]

1. d4 d5 2. c4 e6 3. Nf3 c6 4. e3 Nf6 5. Nbd2 Be7 6. Bd3 Nbd7 7. Qc2 h6 8. b3
O-O 9. Bb2 b6 10. O-O Bb7 11. Rac1 Rc8 12. Rfe1 c5 13. Qd1 Ne4 14. Qe2 Ndf6 15.
Ne5 cxd4 16. Bxe4 dxe4 17. exd4 Bb4 18. Red1 Qe7 19. f4 exf3 20. Ndxf3 Rfe8 21.
Qe3 Bd6 22. Kh1 Nh7 23. Rf1 Rf8 24. Rf2 Nf6 25. h3 Ne4 26. Rfc2 Ng3+ 27. Kg1
Nf5 28. Qf2 Bb4 29. g4 Nd6 30. Qh4 Ne4 31. Qxe7 Bxe7 32. Kf1 Bd6 33. Ke2 f5 34.
Rg1 fxg4 35. Rxg4 Bxe5 36. dxe5 Rcd8 37. Ke3 Ng5 38. Nd4 Rde8 39. h4 Nf7 40.
Nb5 h5 41. Rg3 Nh6 42. Rg5 Rf3+ 43. Ke2 Ref8 44. Nd6 Rf2+ 45. Ke1 0-1

[Event "C.to Provinciale BI-VC"]
[Site "Santhia' ITA"]
[Date "2013.03.15"]
[Round "2"]
[White "Bardone, Lorenzo"]
[Black "Saviano, Sabato"]
[WhiteElo "1959"]
[BlackElo "1752"]
[Result "1-0"]
[PlyCount "57"]
[EventDate "2013.03.08"]

1. e4 c6 2. d4 d5 3. e5 Bf5 4. Nf3 e6 5. Be2 Bb4+ 6. Nbd2 Ne7 7. O-O O-O 8. c3
Ba5 9. Nh4 h6 10. Nxf5 Nxf5 11. g4 Nh4 12. f4 Nd7 13. Nf3 f5 14. Qe1 Nxf3+ 15.
Bxf3 fxg4 16. Bxg4 Qe7 17. Qg3 c5 18. f5 exf5 19. Bxf5 g5 20. h4 Rf7 21. hxg5
Rg7 22. Qh3 hxg5 23. Be6+ Qxe6 24. Qxe6+ Kh8 25. Kg2 Nf8 26. Rh1+ Nh7 27. Be3
Rf8 28. Rh5 g4 29. Rah1 1-0

[Event "C.to Provinciale BI-VC"]
[Site "Santhia' ITA"]
[Date "2013.03.15"]
[Round "2"]
[White "Borghi, Dario"]
[Black "Zannoni, Gianni"]
[WhiteElo "1747"]
[BlackElo "1797"]
[Result "1-0"]
[PlyCount "63"]
[EventDate "2013.03.08"]

1. c4 Nf6 2. Nc3 g6 3. g3 Bg7 4. Bg2 d6 5. d3 O-O 6. Nf3 e5 7. e4 Nc6 8. O-O
Nh5 9. Nh4 Nd4 10. Be3 f5 11. exf5 Nxf5 12. Nxf5 Nf6 13. Nxg7 Kxg7 14. h3 c6
15. Kh2 Be6 16. Qd2 Ng8 17. Ne2 Qd7 18. b3 Rfe8 19. Qb2 Qc7 20. Rac1 Ne7 21. d4
Kg8 22. dxe5 dxe5 23. Nc3 Nf5 24. Ne4 Rf8 25. Ng5 Bc8 26. Rce1 b6 27. Nf3 Re8
28. Bf4 exf4 29. Rxe8+ Kf7 30. Qh8 fxg3+ 31. Kh1 Qd6 32. Ng5# 1-0

[Event "C.to Provinciale BI-VC"]
[Site "Santhia' ITA"]
[Date "2013.03.15"]
[Round "2"]
[White "Caldi, Mario"]
[Black "Carando, Claudio"]
[WhiteElo "1868"]
[BlackElo "1404"]
[Result "1-0"]
[PlyCount "55"]
[EventDate "2013.03.08"]

1. e4 d5 2. exd5 Qxd5 3. Nc3 Qa5 4. d4 Nf6 5. Bd2 c6 6. Qe2 Bg4 7. f3 Bh5 8.
Ne4 Qc7 9. Nxf6+ gxf6 10. O-O-O e6 11. h4 f5 12. g4 fxg4 13. fxg4 Bg6 14. h5
Bxc2 15. Kxc2 Nd7 16. Bg5 Bg7 17. h6 Bf6 18. Nh3 Qa5 19. Bxf6 Nxf6 20. Kb1 Nd5
21. Bg2 Nc3+ 22. bxc3 Qxc3 23. Rd3 Qc4 24. Rc1 Qa6 25. Rcc3 Qb5+ 26. Rb3 Qa6
27. d5 O-O-O 28. dxc6 1-0

[Event "C.to Provinciale BI-VC"]
[Site "Santhia' ITA"]
[Date "2013.03.15"]
[Round "2"]
[White "Cappa, Enrico"]
[Black "Pedoni, Lorenzo"]
[WhiteElo "1610"]
[BlackElo "1614"]
[Result "1/2-1/2"]
[PlyCount "86"]
[EventDate "2013.03.08"]

1. e4 e6 2. d4 d5 3. Nd2 c5 4. exd5 exd5 5. Bb5+ Bd7 6. Qe2+ Qe7 7. Bxd7+ Nxd7
8. Qxe7+ Bxe7 9. Ngf3 Ngf6 10. O-O O-O 11. Re1 Rfe8 12. Nf1 cxd4 13. Nxd4 Bc5
14. Be3 Ng4 15. Nb5 Nxe3 16. Nxe3 d4 17. Nf5 Rxe1+ 18. Rxe1 Nf6 19. Nbd6 b6 20.
Ne7+ Kf8 21. Nec8 Bxd6 22. Nxd6 Rd8 23. Nf5 g6 24. Ng3 d3 25. cxd3 Rxd3 26. Kf1
Rd2 27. Re2 Rd1+ 28. Re1 Rxe1+ 29. Kxe1 Ke7 30. h3 Kd6 31. Kd2 Kd5 32. Kd3 a5
33. f3 b5 34. Ne2 b4 35. b3 h5 36. Ng3 h4 37. Ne4 Nh5 38. Ke3 f5 39. Nd2 Kc5
40. Nc4 a4 41. Ne5 axb3 42. axb3 g5 43. Nd3+ Kb5 1/2-1/2

[Event "C.to Provinciale BI-VC"]
[Site "Santhia' ITA"]
[Date "2013.03.15"]
[Round "2"]
[White "Carando, Enrica"]
[Black "Negro, Andrea"]
[WhiteElo "1425"]
[BlackElo "1332"]
[Result "1-0"]
[PlyCount "53"]
[EventDate "2013.03.08"]

1. e4 e5 2. Nf3 Nc6 3. Bc4 Bc5 4. O-O Nf6 5. Nc3 O-O 6. d3 d6 7. Bg5 Be6 8. Nd5
Bxd5 9. exd5 Nb8 10. d4 exd4 11. Nxd4 Re8 12. Qd3 a6 13. Rfe1 Nbd7 14. Nf5 Re5
15. Bf4 Rxe1+ 16. Rxe1 b5 17. Qg3 Nh5 18. Qg4 Ndf6 19. Qf3 bxc4 20. g4 Nxf4 21.
Qxf4 Nxd5 22. Qd2 Nf6 23. Qc3 g6 24. Ne7+ Kg7 25. g5 Kf8 26. Qxf6 d5 27. Qh8#
1-0

[Event "C.to Provinciale BI-VC"]
[Site "Santhia' ITA"]
[Date "2013.03.15"]
[Round "2"]
[White "Isoardi, Luigi"]
[Black "Migliorini, Matteo"]
[WhiteElo "1788"]
[BlackElo "1987"]
[Result "0-1"]
[PlyCount "104"]
[EventDate "2013.03.08"]

1. Nf3 Nf6 2. c4 c6 3. d4 d5 4. Nc3 a6 5. c5 Nbd7 6. Bf4 Nh5 7. Bd2 g6 8. e4
dxe4 9. Nxe4 Nhf6 10. Nxf6+ Nxf6 11. Bd3 Bg7 12. O-O Bg4 13. Be3 O-O 14. h3
Bxf3 15. Qxf3 Nd5 16. Rad1 Qc7 17. a3 Rad8 18. Bc4 Rd7 19. Rfe1 Qd8 20. Re2 e6
21. Red2 Qf6 22. Qg3 Qe7 23. Bxd5 Rxd5 24. Bf4 Rfd8 25. Bd6 Qd7 26. Qb3 Bf8 27.
Bf4 Qc8 28. Qb6 R8d7 29. Rd3 Bxc5 30. Qb3 Bxd4 31. Rxd4 Rxd4 32. Rxd4 Rxd4 33.
Bh6 Qd7 34. Qf3 Qd6 35. g3 Qd5 36. Qxd5 exd5 37. Bf4 f5 38. Kg2 Rxf4 39. gxf4
Kf7 40. Kf3 Ke6 41. Ke3 c5 42. f3 d4+ 43. Kd3 Kd5 44. b3 b5 45. h4 c4+ 46. Kc2
h5 47. Kb2 a5 48. Kc2 b4 49. a4 cxb3+ 50. Kxb3 d3 51. Kb2 Kd4 52. Kb3 Ke3 0-1

[Event "C.to Provinciale BI-VC"]
[Site "Santhia' ITA"]
[Date "2013.03.15"]
[Round "2"]
[White "Loggia, Davide"]
[Black "Tibaldeschi, Attilio"]
[WhiteElo "1416"]
[BlackElo "1743"]
[Result "1-0"]
[PlyCount "85"]
[EventDate "2013.03.08"]

1. e3 e5 2. c4 Nc6 3. Nf3 Nf6 4. g3 Be7 5. Bg2 O-O 6. O-O e4 7. Ne1 Ne5 8. d4
Nxc4 9. Nc3 d5 10. f3 Nd6 11. Qc2 Bf5 12. Qf2 Bg6 13. f4 h6 14. Bh3 Bf5 15. g4
Bxg4 16. Bxg4 Nxg4 17. Qg2 Nf6 18. Kh1 Nf5 19. Nc2 c5 20. Rg1 Kh8 21. dxc5 Bxc5
22. b4 Bb6 23. Bb2 Rg8 24. Rad1 Bxe3 25. Rge1 Bxf4 26. Nd4 Nxd4 27. Rxd4 Qb6
28. Nxd5 Nxd5 29. Rxd5 Qxb4 30. Rxe4 Qb6 31. Rxf4 Rae8 32. Bd4 Re1+ 33. Rf1 Qe6
34. Rdf5 b6 35. Rxf7 Rxf1+ 36. Rxf1 Kh7 37. Qc2+ Kh8 38. Qg2 Kh7 39. Rg1 Qd7
40. Qe4+ Kh8 41. Rg6 Qh3 42. Qf4 Kh7 43. Qf7 1-0

[Event "C.to Provinciale BI-VC"]
[Site "Santhia' ITA"]
[Date "2013.03.15"]
[Round "2"]
[White "Penna, Tommaso"]
[Black "Sgaggero, Marco"]
[WhiteElo "1936"]
[BlackElo "1419"]
[Result "1-0"]
[PlyCount "97"]
[EventDate "2013.03.08"]

1. d4 d5 2. c4 dxc4 3. e3 e6 4. Bxc4 Nf6 5. Nf3 Nc6 6. O-O Bd6 7. Nc3 O-O 8. e4
e5 9. d5 Nb4 10. a3 Na6 11. b4 h6 12. Ne1 Bd7 13. Qe2 Nb8 14. Nd3 a6 15. Bb2 b5
16. Bb3 c6 17. Rfd1 Re8 18. Rac1 Ra7 19. Nc5 Qc8 20. Nxd7 Rxd7 21. dxc6 Nxc6
22. Nd5 Qb7 23. Nxf6+ gxf6 24. Bd5 Rc8 25. Qh5 Kf8 26. Qxh6+ Ke7 27. Qg7 Ke8
28. Qxf6 Qb8 29. Bxc6 Rxc6 30. Rxc6 Qb7 31. Rdxd6 Qxc6 32. Qh8+ Ke7 33. Rxd7+
Qxd7 34. Qxe5+ Kf8 35. h4 Qd1+ 36. Kh2 Qg4 37. Qh8+ Ke7 38. Qf6+ Ke8 39. Qg5
Qxe4 40. Qe5+ Qxe5+ 41. Bxe5 Kf8 42. h5 Kg8 43. h6 Kh7 44. Bg7 Kg6 45. Kg3 f6
46. Kf4 Kf7 47. Kf5 Kg8 48. Kg6 f5 49. h7# 1-0